| 000 | 01154nab a22002417a 4500 | ||
|---|---|---|---|
| 999 |
_c5576 _d5576 |
||
| 003 | OSt | ||
| 005 | 20251219085717.0 | ||
| 008 | 190429b xxu||||| |||| 00| 0 spa d | ||
| 040 | _cPJ | ||
| 100 |
_96495 _aFrega, Leonardo |
||
| 245 | 1 | 3 |
_aEl eje socioeducativo, el principio de especialidad y la imperante hermenéutica disímil entre el régimen penal juvenil y el de adultos / _cLeonardo Frega. |
| 260 |
_cCiudad Autónoma de Buenos Aires : _aThomson Reuters La Ley, _b2025. |
||
| 300 | _ap. 183-188 | ||
| 500 | _aCita: TR LALEY AR/DOC/728/2025. | ||
| 505 | _aFallo comentado: STJ Corrientes ~ 05/04/2024 ~ Legajo de antecedentes STJ (Casación) en LOF de juicio 1909/4 en legajo judicial 1909/21 (LIF 14585/22 UFIC)). | ||
| 505 | _tSi te interesa el texto completo, solicitalo a koha@justierradelfuego.gov.ar | ||
| 650 | 0 |
_9343 _aDERECHO PENAL |
|
| 650 | 0 |
_92730 _aRÉGIMEN PENAL DE LA MINORIDAD |
|
| 650 | 0 |
_92913 _aHOMICIDIO |
|
| 650 | 0 |
_95662 _aADOLESCENTES |
|
| 773 | 0 |
_02658 _93164 _tRevista de derecho penal y criminología. Nº 4 - Mayo 2025 _dCiudad Autónoma de Buenos Aires : Thomson Reuters La Ley, 2017- _x00347914 |
|
| 942 |
_2udc _cANA |
||